000 00347nam a22001457a 4500
020 _a9780155510081
040 _cNust
082 _a512.5
_bNAN
100 _aMichael O'NAN
_9126830
245 _aLinear algebra
250 _a3rd edition
260 _aNew York:
_bHBJ Publishers,
_c1990.
650 _aLinear algebra
_957395
942 _2ddc
_cBK
999 _c612277
_d612277